00611nam a22002057a 450000500170000001000150001702000260003203500140005803700090007208200130008124500910009425000060018526000480019127000390023930000200027870000280029870000300032670000260035670000230038220241129143542.0 aENG-142729 c600.00a9789392150968 aEN-126261 bDBAD a332.121 aDigitalisation of the banking and financial system/cEdited by T M Hemalatha...[et.al] a1 aTamil NadubMind Reading Publicationsc2024 aVasantha NagarbTamil Nadue625003 a327p.c25cm(pb) aHemalatha, T M eEditor aSaravanakumar, A eEditor aLavanya, R T eEditor aRakesh, J eEditor